Chirurgická propedeutika

Bibliographic Details
Main Author: Zeman, Miroslav, 1942-2022 (Author)
Other Authors: Helekal, Ivan, 1958- (Illustrator)
Format: Book
Language:Czech
PhysicalDescription:516 s. ilustr., tab. 23 cm
Published: Praha Grada Publishing 2003
ISBN:8071697052
Edition:2. přeprac. a dopl. vyd., aktualiz. dotisk.
Subjects:

MARC

LEADER 00000cam a2200000 a 4500
001 vtls008289520
003 SK-MaSNL
005 20260301015937.0
008 240315s2003 xr al f p 001 0 cze
020 |a 8071697052  |q (brožovaná) 
035 |a SVKPOKN100999 
040 |a SNK  |b slo  |c SNK  |e AACR2 
041 0 |a cze 
044 |a xr  |c CZ 
072 7 |a 617  |x Ortopédia. Chirurgia. Oftalmológia  |2 konspekt 
080 |a 617-089  |2 2001 
080 |a (075.8)  |2 2001 
100 1 |a Zeman, Miroslav,  |d 1942-2022  |4 aut  |9 241301 
245 1 0 |a Chirurgická propedeutika  |c Miroslav Zeman a kolektiv ; [ilustr. Ivan Helekal] 
250 |a 2. přeprac. a dopl. vyd., aktualiz. dotisk. 
264 1 |a Praha  |b Grada Publishing  |c 2003 
300 |a 516 s.  |b ilustr., tab.  |c 23 cm 
500 |a V publ. tiež logo Avicenum 
500 |a Na tit. s. r. vyd. 2000 
504 |a Obsahuje bibliogr. 
650 0 7 |a chirurgia  |2 SNKPH  |9 2178 
655 7 |a učebnice vysokých škôl  |2 SNKPH  |9 70191 
700 1 |a Helekal, Ivan,  |d 1958-  |4 ill  |9 240248 
919 |a 80-7169-705-2 
999 |c 561913  |d 563843 
952 |a SNK  |b SNK  |y VYP  |7 0  |p 17A0501512  |o snkIC 133124  |i snk2006/6133  |8 4  |g 21.58  |0 0  |1 0  |4 0  |d 2006-03-27  |l 0  |r 2026-02-23 13:45:44  |w 2026-02-23